• 首页
  • 本馆介绍
  • 公告通知
  • 最新文献
  • 馆藏检索
  • 电子资源
  • 读者导购
  • 参考咨询
  • 我的图书馆
  • 登录
  • 详细信息显示
  • 放入我的书架
  • 预约/预借图书
  • 作者相关作品
  • 分类相关作品
  • 丛书相关作品
  • 出版社相关作品

书目信息

  • 表格格式
  • 工作单格式
  • 卡片格式
书名: Ecstatic religion
作者: I.M. Lewis
分册号:
分册名:
出版地: London ;
 
出版社: Routledge
出版时间: 1975.
页数: 221 p. ;
开本: 19 cm.
丛书名:
中图分类号:
科图分类号:
其他分类号: B920
主题词:
电子资源:
000 01007nam 2200313 a 4500
001 E0762397017
005 20070424172517.26
008 00110 eng
008 uu
008 001975
010    @a88023977
020    @cUSED2.95.
040    @aDLC @cDLC @dDLC
049    @aN5LA
050 00 @aBL626 @b.L48 1989
082 00 @a306/.6 @219
090    @aB920
099    @dB920@ex8
100 10 @aLewis, Ivan Myrddin, @d1930-
245 10 @aEcstatic religion :@bAN ANTHROPOLOGICAL STUDY OF SPIRIT POSSESSION AND SHAMANISM / @cI.M. Lewis
260 0  @aLondon ;@aNew York :@bRoutledge,@c1975.
300    @a221 p. ;@c19 cm.
500    @aIncludes index.
504    @aBibliography: p. 185-194.
650  0 @aShamanism. @b00 @c20020930 @lNLC09 @h2250 @b00 @c20021020 @lNLC09 @h2033 @lNLC09 @h2345 @lNLC09 @h1936 @b00 @c20030716 @lNLC09 @h2146
650  0 @aReligion and sociology.
650  0 @aEcstasy.
650  0 @aSpirit possession.
852 9  @bWWJC @cJ08N @k2-89 @hB920 @iL67/1989
    
    Ecstatic religion : : AN ANTHROPOLOGICAL STUDY OF SPIRIT POSSESSION AND SHAMANISM / / I.M. Lewis.-London ; ; New York : : Routledge, , 1975.
    221 p. ; ; 19 cm.
    Includes index.-Bibliography: p. 185-194.
    
    ISBN USED2.95.
    
●
相关链接 在E读中查询图书 在五车中查询图书 在当当中查询图书 在豆瓣中查询图书


正题名:Ecstatic religion     索取号:B920/x8         预约/预借

序号 登录号 条形码 馆藏地/架位号 状态 备注
1 5236   300052369   第二样本阅览室/ [索取号:B920/x8] 在馆    
唐山师范学院图书馆 欢迎您!
大连网信软件有限公司© 版权所有